Catalog

Record Details

Catalog Search



The cutthroat  Cover Image Book Book

The cutthroat / Clive Cussler and Justin Scott.

Summary:

"The year is 1911. Chief Investigator Isaac Bell of the Van Dorn Detective Agency has had many extraordinary cases before. But none quite like this. Hired to find a young woman named Anna Pape who ran away from home to become an actress, Bell gets a shock when her murdered body turns up instead. Vowing to bring the killer to justice, he begins a manhunt which leads him into increasingly more alarming territory. Anna Pape was not alone in her fate--petite young blond women like Anna are being murdered in cities across America. And the pattern goes beyond the physical resemblance of the victims--there are disturbing familiarities about the killings themselves that send a chill through even a man as experienced with evil as Bell. If he is right about his fears, then he is on the trail of one of the greatest monsters of his time"-- Provided by publisher.

Record details

  • ISBN: 9780399575600
  • ISBN: 039957560X
  • Physical Description: 393 pages : illustrations ; 24 cm.
  • Publisher: New York : G.P. Putnam's Sons, ©2017
Subject: Bell, Isaac (Fictitious character) > Fiction.
Private investigators > Fiction.
Serial murders > Fiction.
Genre: Suspense fiction.
Historical fiction.
Detective and mystery fiction.
Action and adventure fiction.

Available copies

  • 1 of 1 copy available at scottsboropl.

Holds

  • 0 current holds with 1 total copy.
Show Only Available Copies
Location Call Number / Copy Notes Barcode Shelving Location Status Due Date
scottsboropl F Cus 32269001006470 Adult - Fiction Available -

LDR 02237cam a22003978i 4500
001142922
003CONS
00520200427081454.0
008170123t20172017nyua 000 1 eng
010 . ‡a 2017002791
020 . ‡a9780399575600 ‡q(hardback)
020 . ‡a039957560X ‡q(hardback)
035 . ‡a(CPomAG)LMN598542
042 . ‡apcc
05000. ‡aPS3553.U75 ‡bC88 2017
08200. ‡a813/.54 ‡223
1001 . ‡aCussler, Clive, ‡d1931-2020, ‡eauthor.
24514. ‡aThe cutthroat / ‡cClive Cussler and Justin Scott.
264 1. ‡aNew York : ‡bG.P. Putnam's Sons, ‡c©2017
300 . ‡a393 pages : ‡billustrations ; ‡c24 cm.
336 . ‡atext ‡btxt ‡2rdacontent
337 . ‡aunmediated ‡bn ‡2rdamedia
338 . ‡avolume ‡bnc ‡2rdacarrier
4901 . ‡aAn Isaac Bell adventure ; ‡v10
520 . ‡a"The year is 1911. Chief Investigator Isaac Bell of the Van Dorn Detective Agency has had many extraordinary cases before. But none quite like this. Hired to find a young woman named Anna Pape who ran away from home to become an actress, Bell gets a shock when her murdered body turns up instead. Vowing to bring the killer to justice, he begins a manhunt which leads him into increasingly more alarming territory. Anna Pape was not alone in her fate--petite young blond women like Anna are being murdered in cities across America. And the pattern goes beyond the physical resemblance of the victims--there are disturbing familiarities about the killings themselves that send a chill through even a man as experienced with evil as Bell. If he is right about his fears, then he is on the trail of one of the greatest monsters of his time"-- ‡cProvided by publisher.
650 0. ‡aBell, Isaac (Fictitious character) ‡vFiction.
650 0. ‡aPrivate investigators ‡vFiction.
650 0. ‡aSerial murders ‡vFiction.
655 7. ‡aSuspense fiction. ‡2gsafd
655 7. ‡aHistorical fiction. ‡2lcgft
655 7. ‡aDetective and mystery fiction. ‡2lcgft
655 7. ‡aAction and adventure fiction. ‡2lcgft
7001 . ‡aScott, Justin, ‡eauthor.
8001 . ‡aCussler, Clive. ‡tIsaac Bell novels ; ‡v10.
959 . ‡i32269001006470 ‡lF Cus ‡aAdult - Fiction ‡tFiction ‡g29.00
852 . ‡p32269001006470 ‡jF Cus ‡gAdult - Fiction ‡cFiction ‡y29.00 ‡bSBPL
901 . ‡a142922 ‡bUnknown ‡c142922 ‡tbiblio

Additional Resources